Imparcialidad judicial. La cara oscura del sistema procesal penal bifronte del Chile actual.
Sparad:
| Huvudupphovsman: | |
|---|---|
| Materialtyp: | Okänd |
| Språk: | engelska |
| Publicerad: |
Santiago, Chile:
Rubicón Editores,
2021.
|
| Upplaga: | 1ª edición. |
| Ämnen: | |
| Taggar: |
Lägg till en tagg
Inga taggar, Lägg till första taggen!
|
MARC
| LEADER | 00000 a2200000 4500 | ||
|---|---|---|---|
| 003 | CL-VaPUC | ||
| 005 | 20220824111959.0 | ||
| 008 | 220516b2021 ||||| |||| 00| 0 eng d | ||
| 999 | |c 435623 |d 435621 | ||
| 020 | |a 9789569947438 | ||
| 040 | |c Pontificia Universidad Católica de Valparaíso | ||
| 082 | 0 | 4 | |2 22 |a 347.8305 CAB 2021 |
| 100 | 1 | |a Caballero Germain, Francisco Javier |9 739877 |e autor | |
| 245 | 1 | 0 | |a Imparcialidad judicial. |b La cara oscura del sistema procesal penal bifronte del Chile actual. |
| 250 | |a 1ª edición. | ||
| 260 | |a Santiago, Chile: |b Rubicón Editores, |c 2021. | ||
| 300 | |a 254 páginas. | ||
| 583 | |k Cristina María Rojas Aguilar |c 20220516 | ||
| 650 | 1 | |a Imparcialidad judicial |x Derecho procesal penal |z Chile |9 874518 | |
| 942 | |2 ddc |c BK | ||
| 952 | |0 0 |1 0 |2 ddc |4 0 |6 347_830500000000000_CAB_2021 |7 0 |8 A |9 583077 |a BIBDER |b BIBDER |c GEN |d 2022-05-16 |e 22 |g 27000.00 |i 5651233 |o 347.8305 CAB 2021 |p 5651233 |r 2023-01-25 |t 1 |v 27000.00 |w 2022-05-16 |y BK |k DER | ||